Which US state is this town or city in? Vol. III - Statistics

General Stats
  • This quiz has been taken 29 times
  • The average score is 9 of 20
Answer Stats
City/Town State % Correct
Durham North Carolina
88%
Panama City Florida
81%
Stamford Connecticut
73%
Ozark Missouri
73%
Lynchburg Virginia
69%
Lake Havasu City Arizona
62%
Waukegan Illinois
54%
Kenosha Wisconsin
54%
Petaluma California
46%
Adak Alaska
38%
Tucumcari New Mexico
38%
Pascagoula Mississippi
35%
Huntington West Virginia
35%
Hana Hawaii
31%
Pagosa Springs Colorado
15%
Scituate Massachusetts
15%
Pine Ridge South Dakota
15%
Hughes Springs Texas
15%
Hurricane Utah
15%
Blue Ridge Georgia
12%
No matching quizzes found
Score Distribution
Percent of People with Each Score
Percentile by Number Answered
Your Score History
You have not taken this quiz